| 000 | 00762nam a22002415i 4500 | ||
|---|---|---|---|
| 001 | 177996 | ||
| 003 | ES-MaACL | ||
| 005 | 20250926063101.0 | ||
| 008 | 110512s1970 it |||| | ita d | ||
| 080 | _a616.895.8 | ||
| 100 | 1 |
_aJung, Carl G., _d1875-1961 _967282 |
|
| 245 | 1 | 0 |
_aPsicologia della schizofrenia / _cCarl Gustav Jung ; introduzione di Gianfranco Tedeschi. |
| 250 | _a1ยช ed. | ||
| 260 |
_aRoma : _bNewton Compton, _c1970. |
||
| 300 |
_a217 p. ; _c20 cm. |
||
| 490 | 1 |
_aPaperbacks saggi ; _v27 |
|
| 546 | _aTexto en italiano. | ||
| 650 | 0 | 4 |
_aEsquizofrenia. _912510 |
| 700 | 1 |
_aTedeschi, Gianfranco. _9146481 |
|
| 830 | 0 |
_aPaperbacks saggi ; _v27 _9190662 |
|
| 852 |
_aES-MaACL _jE-15064 _xOlim P-1848 |
||
| 999 |
_c177996 _d177996 |
||